Don niño
محفوظ في:
| المؤلف الرئيسي: | |
|---|---|
| التنسيق: | كتاب |
| اللغة: | Undetermined |
| منشور في: |
Leipzig, Alemania
Insel-Verlag
1977
|
| الموضوعات: | |
| الوسوم: |
إضافة وسم
لا توجد وسوم, كن أول من يضع وسما على هذه التسجيلة!
|
MARC
| LEADER | 00000nam a2200000Ia 4500 | ||
|---|---|---|---|
| 008 | 170316s9999 xx 000 0 und d | ||
| 040 | |a cru BVZT | ||
| 090 | |a 860 A-40d | ||
| 100 | |a Asturias, Miguel Ángel |9 1028 | ||
| 245 | |a Don niño |c / Miguel Ángel Asturias | ||
| 260 | |a Leipzig, Alemania |b Insel-Verlag |c 1977 | ||
| 300 | |a 174 páginas | ||
| 650 | |a LITERATURA LATINOAMERICANA |9 15 | ||
| 999 | |c 8337 |d 8337 | ||
| 942 | |c 15 D |h 860 A-40d |2 z | ||
